[Event "HUN-ch Rapid 2019"]
[Site "Ajka"]
[Date "2019.07.21"]
[Round "10.11"]
[White "Akots, Gabor"]
[Black "Mihok, Oliver"]
[Result "0-1"]
[WhiteElo "2238"]
[BlackElo "2550"]
[Annotator "ChessBase"]
[PlyCount "58"]
[EventDate "2019.07.18"]
[EventType "swiss"]
[EventCountry "HUN"]
[SourceTitle "playchess.com"]
[Source "ChessBase"]
[SourceQuality "1"]
[TimeControl "1200+5"]

1. d4 {[%emt 0:00:03]} Nf6 {[%emt 0:00:01]} 2. c4 {[%emt 0:00:01]} g6 {[%emt 0:00:02]} 3. Nc3 {[%emt 0:00:01]} Bg7 {[%emt 0:00:02]} 4. e4 {[%emt 0:00:02]} d6 {[%emt 0:00:01]} 5. f3 {[%emt 0:00:01]} O-O {[%emt 0:00:06]} 6. Be3 {[%emt 0:00:02]} b6 {[%emt 0:00:01]} 7. Nge2 {[%emt 0:01:29]} c5 {[%emt 0:00:08]} 8. d5 {[%emt 0:00:03]} e6 {[%emt 0:00:09]} 9. Ng3 {[%emt 0:00:04]} exd5 {[%emt 0:00:11]} 10. cxd5 {[%emt 0:00:02]} Ba6 {[%emt 0:00:30]} 11. Bxa6 {[%emt 0:03:07]} Nxa6 {[%emt 0:00:03]} 12. O-O {[%emt 0:00:16]} Nc7 {[%emt 0:00:07]} 13. a4 {[%emt 0:00:26]} a6 {[%emt 0:00:22]} 14. Qd2 {[%emt 0:05:34]} Re8 {[%emt 0:00:22]} 15. Bh6 {[%emt 0:00:27]} Bh8 {[%emt 0:00:42]} 16. Rae1 {[%emt 0:00:03]} b5 {[%emt 0:00:38]} 17. h3 {[%emt 0:00:11]} bxa4 {[%emt 0:03:03]} 18. f4 {[%emt 0:00:34]} Nb5 {[%emt 0:00:47]} 19. Bg5 {[%emt 0:03:52]} Qd7 {[%emt 0:02:22]} 20. f5 {[%emt 0:00:01]} Rf8 {[%emt 0:01:54]} 21. e5 {[%emt 0:00:41]} dxe5 {[%emt 0:00:48]} 22. Bxf6 {[%emt 0:00:01]} Bxf6 {[%emt 0:00:21]} 23. Nge4 {[%emt 0:00:01]} Qd8 {[%emt 0:02:18]} 24. Nxf6+ {[%emt 0:00:02]} Qxf6 {[%emt 0:00:01]} 25. Ne4 {[%emt 0:00:00]} Qh4 {[%emt 0:00:21]} 26. f6 {[%emt 0:00:01]} Rad8 {[%emt 0:01:15]} 27. g3 {[%emt 0:02:24]} Qh5 {[%emt 0:00:45]} 28. Nf2 {[%emt 0:01:00]} Nd4 {[%emt 0:00:16]} 29. g4 {[%emt 0:00:42]} Nf3+ {[%emt 0:00:07]} 0-1

[Event "HUN-ch Rapid 2019"]
[Site "Ajka"]
[Date "2019.07.21"]
[Round "10.12"]
[White "Hoang, Thanh Trang"]
[Black "Gelle, Istvan"]
[Result "0-1"]
[WhiteElo "2414"]
[BlackElo "2325"]
[Annotator "NA"]
[PlyCount "82"]
[EventDate "2019.07.18"]
[EventType "swiss"]
[EventCountry "HUN"]
[SourceTitle "playchess.com"]
[Source "ChessBase"]
[SourceQuality "1"]
[TimeControl "1200+5"]

1. d4 {[%emt 0:00:04]} d5 {[%emt 0:00:01]} 2. c4 {[%emt 0:00:05]} c6 {[%emt 0:00:02]} 3. Nf3 {[%emt 0:00:05]} Nf6 {[%emt 0:00:03]} 4. e3 {[%emt 0:00:07]} Bf5 {[%emt 0:00:09]} 5. Nc3 {[%emt 0:00:06]} a6 {[%emt 0:00:45]} 6. Qb3 {[%emt 0:01:09]} b5 {[%emt 0:00:03]} 7. c5 {[%emt 0:00:23]} a5 {[%emt 0:00:11]} 8. Ne5 {[%emt 0:01:00]} a4 {[%emt 0:02:01]} 9. Qd1 {[%emt 0:00:05]} h6 {[%emt 0:03:03]} 10. Bd2 {[%emt 0:01:12]} e6 {[%emt 0:01:22]} 11. g4 {[%emt 0:03:49]} Be4 {[%emt 0:00:25]} 12. f3 {[%emt 0:00:27]} Bh7 {[%emt 0:00:02]} 13. h4 {[%emt 0:00:54]} Nfd7 {[%emt 0:00:23]} 14. f4 {[%emt 0:00:21]} Nxe5 {[%emt 0:02:15]} 15. fxe5 {[%emt 0:00:07]} Be7 {[%emt 0:00:18]} 16. h5 {[%emt 0:00:56]} Bh4+ {[%emt 0:01:06]} 17. Ke2 {[%emt 0:00:01]} O-O {[%emt 0:00:33]} 18. Be1 {[%emt 0:00:12]} Bg5 {[%emt 0:00:25]} 19. Bg2 {[%emt 0:00:24]} Nd7 {[%emt 0:00:48]} 20. Bg3 {[%emt 0:00:11]} f6 {[%emt 0:00:48]} 21. exf6 {[%emt 0:00:13]} Nxf6 {[%emt 0:00:03]} 22. Kd2 {[%emt 0:00:31]} Ne4+ {[%emt 0:00:52]} 23. Bxe4 {[%emt 0:02:02]} dxe4 {[%emt 0:00:44]} 24. Ke2 {[%emt 0:01:56]} Rf3 {[%emt 0:00:44]} 25. Bf2 {[%emt 0:00:05]} Qa5 {[%emt 0:01:08]} 26. Qg1 {[%emt 0:01:27]} Raf8 {[%emt 0:00:17]} 27. Nd1 {[%emt 0:00:20]} b4 {[%emt 0:00:18]} 28. Rc1 {[%emt 0:00:43]} Qb5+ {[%emt 0:00:49]} 29. Ke1 {[%emt 0:00:04]} Qd3 {[%emt 0:00:48]} 30. Rh2 {[%emt 0:02:02]} e5 {[%emt 0:00:33]} 31. Qf1 {[%emt 0:00:14]} exd4 {[%emt 0:00:12]} 32. Qxd3 {[%emt 0:00:22]} exd3 {[%emt 0:00:01]} 33. Rc4 {[%emt 0:00:13]} dxe3 {[%emt 0:00:09]} 34. Bxe3 {[%emt 0:00:02]} Bxe3 {[%emt 0:00:05]} 35. Nxe3 {[%emt 0:00:02]} Rxe3+ {[%emt 0:00:02]} 36. Kd2 {[%emt 0:00:00]} Rfe8 {[%emt 0:00:13]} 37. Rxb4 {[%emt 0:00:02]} Re2+ {[%emt 0:00:09]} 38. Rxe2 {[%emt 0:00:01]} dxe2 {[%emt 0:00:09]} 39. Ke1 {[%emt 0:00:01]} Bd3 {[%emt 0:00:08]} 40. Rd4 {[%emt 0:00:01]} Bb5 {[%emt 0:00:04]} 41. b3 {[%emt 0:00:34]} Rf8 {[%emt 0:00:07]} 0-1

[Event "HUN-ch Rapid 2019"]
[Site "Ajka"]
[Date "2019.07.21"]
[Round "10.13"]
[White "Jakab, Attila"]
[Black "Varga, Klara"]
[Result "1/2-1/2"]
[WhiteElo "2377"]
[BlackElo "2146"]
[Annotator "NA"]
[PlyCount "59"]
[EventDate "2019.07.18"]
[EventType "swiss"]
[EventCountry "HUN"]
[SourceTitle "playchess.com"]
[Source "ChessBase"]
[SourceQuality "1"]
[TimeControl "1200+5"]

1. d4 {[%emt 0:07:18]} Nf6 {[%emt 0:00:04]} 2. c4 {[%emt 0:00:02]} e6 {[%emt 0:00:01]} 3. Nc3 {[%emt 0:00:01]} Bb4 {[%emt 0:00:03]} 4. e3 {[%emt 0:00:05]} O-O {[%emt 0:00:03]} 5. Bd3 {[%emt 0:00:02]} c5 {[%emt 0:00:21]} 6. Nf3 {[%emt 0:00:02]} d5 {[%emt 0:00:11]} 7. O-O {[%emt 0:00:03]} dxc4 {[%emt 0:00:13]} 8. Bxc4 {[%emt 0:00:02]} Nc6 {[%emt 0:00:06]} 9. a3 {[%emt 0:02:37]} cxd4 {[%emt 0:00:05]} 10. exd4 {[%emt 0:00:08]} Be7 {[%emt 0:00:06]} 11. Re1 {[%emt 0:00:23]} a6 {[%emt 0:00:10]} 12. Bg5 {[%emt 0:00:50]} h6 {[%emt 0:00:03]} 13. Bh4 {[%emt 0:00:01]} b5 {[%emt 0:00:15]} 14. Ba2 {[%emt 0:00:07]} Bb7 {[%emt 0:00:01]} 15. Qd3 {[%emt 0:00:06]} b4 {[%emt 0:00:27]} 16. Na4 {[%emt 0:00:14]} bxa3 {[%emt 0:02:59]} 17. bxa3 {[%emt 0:00:05]} Nb8 {[%emt 0:00:20]} 18. Ne5 {[%emt 0:00:59]} Nbd7 {[%emt 0:00:42]} 19. Nxd7 {[%emt 0:00:07]} Qxd7 {[%emt 0:00:27]} 20. Bxf6 {[%emt 0:05:16]} Bxf6 {[%emt 0:00:27]} 21. Nc5 {[%emt 0:00:02]} Qc6 {[%emt 0:00:10]} 22. Nxb7 {[%emt 0:00:32]} Qxb7 {[%emt 0:00:02]} 23. Rad1 {[%emt 0:00:06]} Rad8 {[%emt 0:01:42]} 24. d5 {[%emt 0:00:23]} exd5 {[%emt 0:00:05]} 25. Bxd5 {[%emt 0:00:01]} Qb5 {[%emt 0:01:07]} 26. Qxb5 {[%emt 0:01:23]} axb5 {[%emt 0:00:02]} 27. Bc6 {[%emt 0:00:00]} Bb2 {[%emt 0:00:23]} 28. Bxb5 {[%emt 0:00:03]} Bxa3 {[%emt 0:00:03]} 29. Rxd8 {[%emt 0:00:02]} Rxd8 {[%emt 0:00:01]} 30. Re8+ {[%emt 0:00:01]} 1/2-1/2

[Event "HUN-ch Rapid 2019"]
[Site "Ajka"]
[Date "2019.07.21"]
[Round "10.14"]
[White "Finszter, Mate"]
[Black "Dankhazi, Andras"]
[Result "1/2-1/2"]
[WhiteElo "2276"]
[BlackElo "2277"]
[Annotator "NA"]
[PlyCount "319"]
[EventDate "2019.07.18"]
[EventType "swiss"]
[EventCountry "HUN"]
[SourceTitle "playchess.com"]
[Source "ChessBase"]
[SourceQuality "1"]
[TimeControl "1200+5"]

1. Nf3 {[%emt 0:00:03]} d5 {[%emt 0:00:04]} 2. c4 {[%emt 0:00:05]} d4 {[%emt 0:00:05]} 3. g3 {[%emt 0:00:05]} Nc6 {[%emt 0:00:34]} 4. Bg2 {[%emt 0:00:20]} e5 {[%emt 0:00:02]} 5. d3 {[%emt 0:00:11]} Nf6 {[%emt 0:00:20]} 6. O-O {[%emt 0:00:17]} a5 {[%emt 0:00:21]} 7. e3 {[%emt 0:01:43]} dxe3 {[%emt 0:00:42]} 8. Bxe3 {[%emt 0:00:14]} Be7 {[%emt 0:00:06]} 9. d4 {[%emt 0:01:30]} exd4 {[%emt 0:00:01]} 10. Nxd4 {[%emt 0:00:07]} Nxd4 {[%emt 0:00:02]} 11. Qxd4 {[%emt 0:01:32]} Qxd4 {[%emt 0:00:01]} 12. Bxd4 {[%emt 0:00:01]} c6 {[%emt 0:00:01]} 13. Nc3 {[%emt 0:00:13]} Be6 {[%emt 0:00:04]} 14. b3 {[%emt 0:00:10]} O-O {[%emt 0:00:03]} 15. Rad1 {[%emt 0:00:59]} Nd7 {[%emt 0:03:17]} 16. Rd2 {[%emt 0:01:40]} Bb4 {[%emt 0:08:48]} 17. Rdd1 {[%emt 0:02:00]} Rfd8 {[%emt 0:02:00]} 18. Na4 {[%emt 0:02:37]} Rac8 {[%emt 0:00:07]} 19. Nb6 {[%emt 0:02:06]} Nxb6 {[%emt 0:00:02]} 20. Bxb6 {[%emt 0:00:02]} Rxd1 {[%emt 0:00:07]} 21. Rxd1 {[%emt 0:00:03]} Kf8 {[%emt 0:00:07]} 22. Kf1 {[%emt 0:01:10]} Ra8 {[%emt 0:00:10]} 23. Rd8+ {[%emt 0:00:19]} Rxd8 {[%emt 0:00:01]} 24. Bxd8 {[%emt 0:00:01]} Ke8 {[%emt 0:00:05]} 25. Bb6 {[%emt 0:00:17]} a4 {[%emt 0:00:02]} 26. Be4 {[%emt 0:00:26]} axb3 {[%emt 0:00:07]} 27. axb3 {[%emt 0:00:02]} g6 {[%emt 0:00:01]} 28. Ke2 {[%emt 0:00:10]} Kd7 {[%emt 0:00:04]} 29. Bd4 {[%emt 0:00:19]} Kd6 {[%emt 0:00:05]} 30. Bc2 {[%emt 0:00:10]} b5 {[%emt 0:00:28]} 31. cxb5 {[%emt 0:00:06]} cxb5 {[%emt 0:00:01]} 32. Be3 {[%emt 0:00:13]} Bc5 {[%emt 0:00:10]} 33. Bc1 {[%emt 0:00:23]} h5 {[%emt 0:00:49]} 34. Bg5 {[%emt 0:00:36]} Bd5 {[%emt 0:00:10]} 35. Bf6 {[%emt 0:00:11]} Ke6 {[%emt 0:00:01]} 36. Bc3 {[%emt 0:00:03]} g5 {[%emt 0:01:13]} 37. f3 {[%emt 0:01:27]} g4 {[%emt 0:00:31]} 38. fxg4 {[%emt 0:00:13]} hxg4 {[%emt 0:00:01]} 39. Be1 {[%emt 0:00:28]} Bg1 {[%emt 0:00:15]} 40. Bf2 {[%emt 0:00:10]} Bxh2 {[%emt 0:00:11]} 41. b4 {[%emt 0:00:11]} Bc4+ {[%emt 0:01:04]} 42. Ke3 {[%emt 0:00:03]} f5 {[%emt 0:00:06]} 43. Kf4 {[%emt 0:00:19]} Be2 {[%emt 0:00:20]} 44. Bxf5+ Kd5 45. Bxg4 {[%emt 0:00:13]} Bd3 {[%emt 0:00:02]} 46. Bh5 {[%emt 0:00:07]} Kc4 {[%emt 0:00:01]} 47. Bc5 {[%emt 0:00:02]} Kc3 {[%emt 0:00:06]} 48. Bf7 {[%emt 0:00:10]} Be2 {[%emt 0:00:06]} 49. Ke3 {[%emt 0:00:04]} Bd1 {[%emt 0:00:15]} 50. Kf2 {[%emt 0:00:02]} Bc2 {[%emt 0:00:16]} 51. Kg2 {[%emt 0:00:03]} Bxg3 {[%emt 0:00:01]} 52. Kxg3 {[%emt 0:00:02]} Bd3 {[%emt 0:00:01]} 53. Kf4 {[%emt 0:00:02]} Kb2 {[%emt 0:00:02]} 54. Ke5 {[%emt 0:00:03]} Ka3 {[%emt 0:00:01]} 55. Kd6 {[%emt 0:00:07]} Ka4 {[%emt 0:00:02]} 56. Kc7 {[%emt 0:00:06]} Ka3 {[%emt 0:00:03]} 57. Kb6 {[%emt 0:00:03]} Ka4 {[%emt 0:00:01]} 58. Be8 {[%emt 0:00:02]} Be2 {[%emt 0:00:01]} 59. Bd6 {[%emt 0:00:03]} Bc4 {[%emt 0:00:01]} 60. Kc5 {[%emt 0:00:13]} Bd3 {[%emt 0:00:01]} 61. Be5 {[%emt 0:00:05]} Bc4 {[%emt 0:00:05]} 62. Bd6 {[%emt 0:00:09]} Bd3 {[%emt 0:00:03]} 63. Kd4 {[%emt 0:00:05]} Bc4 {[%emt 0:00:03]} 64. Bg6 {[%emt 0:00:04]} Be2 {[%emt 0:00:12]} 65. Bd3 {[%emt 0:00:06]} Bg4 {[%emt 0:00:01]} 66. Kc5 {[%emt 0:00:09]} Bd7 {[%emt 0:00:02]} 67. Bc2+ {[%emt 0:00:02]} Ka3 {[%emt 0:00:00]} 68. Bd1 {[%emt 0:00:03]} Be8 {[%emt 0:00:01]} 69. Be7 {[%emt 0:00:03]} Bd7 {[%emt 0:00:02]} 70. Bf8 {[%emt 0:00:02]} Be8 {[%emt 0:00:00]} 71. Bd6 {[%emt 0:00:01]} Bd7 {[%emt 0:00:00]} 72. Kb6 {[%emt 0:00:10]} Be8 {[%emt 0:00:07]} 73. Ka5 {[%emt 0:00:09]} Kb2 {[%emt 0:00:05]} 74. Be5+ {[%emt 0:00:04]} Kc1 {[%emt 0:00:03]} 75. Be2 {[%emt 0:00:04]} Kd2 {[%emt 0:00:01]} 76. Bxb5 {[%emt 0:00:03]} Bf7 {[%emt 0:00:01]} 77. Bc6 {[%emt 0:00:04]} Bc4 {[%emt 0:00:01]} 78. b5 {[%emt 0:00:07]} Bxb5 {[%emt 0:00:01]} 79. Bxb5 {[%emt 0:00:01]} Ke3 {[%emt 0:00:00]} 80. Bd6 {[%emt 0:00:02]} Kd4 {[%emt 0:00:01]} 81. Kb6 {[%emt 0:00:02]} Kd5 {[%emt 0:00:01]} 82. Bc5 {[%emt 0:00:01]} Ke5 {[%emt 0:00:00]} 83. Kc6 {[%emt 0:00:02]} Ke4 {[%emt 0:00:01]} 84. Bc4 {[%emt 0:00:01]} Ke5 {[%emt 0:00:00]} 85. Bd5 {[%emt 0:00:02]} Kf4 {[%emt 0:00:01]} 86. Kd6 {[%emt 0:00:02]} Kf5 {[%emt 0:00:00]} 87. Bd4 {[%emt 0:00:01]} Kf4 {[%emt 0:00:01]} 88. Kc5 {[%emt 0:00:02]} Kf5 {[%emt 0:00:01]} 89. Bb3 {[%emt 0:00:03]} Ke4 {[%emt 0:00:00]} 90. Bc2+ {[%emt 0:00:02]} Kf4 {[%emt 0:00:01]} 91. Kd5 {[%emt 0:00:01]} Kf3 {[%emt 0:00:01]} 92. Be4+ {[%emt 0:00:04]} Kf4 {[%emt 0:00:00]} 93. Be5+ {[%emt 0:00:02]} Ke3 {[%emt 0:00:01]} 94. Bf5 {[%emt 0:00:05]} Kf3 {[%emt 0:00:00]} 95. Kd4 {[%emt 0:00:02]} Ke2 {[%emt 0:00:01]} 96. Be4 {[%emt 0:00:09]} Kd2 {[%emt 0:00:02]} 97. Bf4+ {[%emt 0:00:02]} Ke2 {[%emt 0:00:00]} 98. Bd5 {[%emt 0:00:04]} Kf2 {[%emt 0:00:07]} 99. Kd3 Ke1 100. Be3 {[%emt 0:00:15]} Kd1 {[%emt 0:00:03]} 101. Bf3+ {[%emt 0:00:09]} Ke1 {[%emt 0:00:01]} 102. Bd4 {[%emt 0:00:07]} Kf1 {[%emt 0:00:01]} 103. Ke3 {[%emt 0:00:06]} Ke1 {[%emt 0:00:01]} 104. Bc3+ {[%emt 0:00:06]} Kf1 {[%emt 0:00:01]} 105. Bb4 {[%emt 0:00:07]} Kg1 {[%emt 0:00:01]} 106. Bd6 {[%emt 0:00:14]} Kf1 {[%emt 0:00:03]} 107. Bg3 {[%emt 0:00:04]} Kg1 {[%emt 0:00:01]} 108. Bf4 {[%emt 0:00:20]} Kf1 {[%emt 0:00:01]} 109. Be2+ {[%emt 0:00:09]} Kg2 {[%emt 0:00:01]} 110. Bf3+ {[%emt 0:00:01]} Kf1 {[%emt 0:00:01]} 111. Bh2 {[%emt 0:00:09]} Ke1 {[%emt 0:00:01]} 112. Bg3+ {[%emt 0:00:14]} Kf1 {[%emt 0:00:01]} 113. Be5 {[%emt 0:00:05]} Ke1 {[%emt 0:00:01]} 114. Bc3+ {[%emt 0:00:03]} Kf1 {[%emt 0:00:00]} 115. Bb4 {[%emt 0:00:03]} Kg1 {[%emt 0:00:01]} 116. Ba5 {[%emt 0:00:01]} Kf1 {[%emt 0:00:01]} 117. Bb4 {[%emt 0:00:02]} Kg1 {[%emt 0:00:01]} 118. Ba5 {[%emt 0:00:00]} Kf1 {[%emt 0:00:08]} 119. Bd8 {[%emt 0:00:04]} Ke1 {[%emt 0:00:02]} 120. Bh4+ Kf1 121. Bg3 {[%emt 0:00:13]} Kg1 {[%emt 0:00:02]} 122. Kd2 {[%emt 0:00:14]} Kf1 {[%emt 0:00:01]} 123. Bh4 {[%emt 0:00:09]} Kg1 {[%emt 0:00:01]} 124. Bc6 {[%emt 0:00:08]} Kf1 {[%emt 0:00:01]} 125. Be7 {[%emt 0:00:05]} Kf2 {[%emt 0:00:01]} 126. Bc5+ {[%emt 0:00:02]} Kg3 {[%emt 0:00:04]} 127. Ke3 {[%emt 0:00:03]} Kg4 {[%emt 0:00:01]} 128. Bd7+ {[%emt 0:00:03]} Kg5 {[%emt 0:00:02]} 129. Bd6 {[%emt 0:00:05]} Kf6 {[%emt 0:00:01]} 130. Ke4 {[%emt 0:00:02]} Kg5 {[%emt 0:00:01]} 131. Be5 {[%emt 0:00:04]} Kg6 {[%emt 0:00:01]} 132. Be6 {[%emt 0:00:02]} Kg5 {[%emt 0:00:00]} 133. Bf5 {[%emt 0:00:04]} Kh5 {[%emt 0:00:05]} 134. Kf4 {[%emt 0:00:03]} Kh4 {[%emt 0:00:01]} 135. Bf6+ {[%emt 0:00:04]} Kh5 {[%emt 0:00:01]} 136. Bd8 {[%emt 0:00:12]} Kh6 {[%emt 0:00:03]} 137. Kg4 {[%emt 0:00:11]} Kg7 {[%emt 0:00:01]} 138. Kg5 {[%emt 0:00:02]} Kf7 {[%emt 0:00:08]} 139. Bd7 {[%emt 0:00:09]} Kg7 {[%emt 0:00:00]} 140. Be7 {[%emt 0:00:07]} Kf7 {[%emt 0:00:01]} 141. Bd6 {[%emt 0:00:04]} Kg7 {[%emt 0:00:02]} 142. Be6 {[%emt 0:00:06]} Kh7 {[%emt 0:00:02]} 143. Bd5 {[%emt 0:00:09]} Kg7 {[%emt 0:00:01]} 144. Bc4 {[%emt 0:00:05]} Kh7 {[%emt 0:00:01]} 145. Bb3 {[%emt 0:00:09]} Kg7 {[%emt 0:00:00]} 146. Ba2 {[%emt 0:00:01]} Kh7 {[%emt 0:00:01]} 147. Bc5 {[%emt 0:00:08]} Kg7 {[%emt 0:00:01]} 148. Bb4 {[%emt 0:00:01]} Kh7 {[%emt 0:00:01]} 149. Ba3 {[%emt 0:00:04]} Kg7 {[%emt 0:00:00]} 150. Bb3 {[%emt 0:00:03]} Kh7 {[%emt 0:00:01]} 151. Bc4 {[%emt 0:00:01]} Kg7 {[%emt 0:00:01]} 152. Bd5 {[%emt 0:00:01]} Kh7 {[%emt 0:00:00]} 153. Kf5 {[%emt 0:00:09]} Kg7 {[%emt 0:00:02]} 154. Bb4 {[%emt 0:00:05]} Kh7 {[%emt 0:00:01]} 155. Kf6 {[%emt 0:00:14]} Kh6 {[%emt 0:00:01]} 156. Bf3 {[%emt 0:00:03]} Kh7 {[%emt 0:00:01]} 157. Be4+ {[%emt 0:00:08]} Kh6 {[%emt 0:00:02]} 158. Bf3 {[%emt 0:00:01]} Kh7 {[%emt 0:00:01]} 159. Bd2 {[%emt 0:00:01]} Kg8 {[%emt 0:00:01]} 160. Bh5 {[%emt 0:00:07]} 1/2-1/2

[Event "HUN-ch Rapid 2019"]
[Site "Ajka"]
[Date "2019.07.21"]
[Round "10.15"]
[White "Balint, Vilmos"]
[Black "Varga, Peter"]
[Result "1-0"]
[WhiteElo "2203"]
[BlackElo "2367"]
[Annotator "NA"]
[PlyCount "123"]
[EventDate "2019.07.18"]
[EventType "swiss"]
[EventCountry "HUN"]
[SourceTitle "playchess.com"]
[Source "ChessBase"]
[SourceQuality "1"]
[TimeControl "1200+5"]

1. Nf3 {[%emt 0:00:01]} d5 {[%emt 0:01:36]} 2. g3 {[%emt 0:00:02]} c6 {[%emt 0:00:02]} 3. Bg2 {[%emt 0:00:01]} Bg4 {[%emt 0:00:02]} 4. O-O {[%emt 0:00:03]} Nd7 {[%emt 0:00:01]} 5. d4 {[%emt 0:00:05]} e6 {[%emt 0:00:05]} 6. c4 {[%emt 0:00:46]} Ngf6 {[%emt 0:00:36]} 7. Nc3 {[%emt 0:00:14]} dxc4 {[%emt 0:00:06]} 8. a4 {[%emt 0:01:35]} a5 {[%emt 0:00:57]} 9. e4 {[%emt 0:00:15]} Bb4 {[%emt 0:00:08]} 10. Qc2 {[%emt 0:00:02]} Bxf3 {[%emt 0:00:51]} 11. Bxf3 {[%emt 0:00:02]} e5 {[%emt 0:00:01]} 12. Na2 {[%emt 0:02:52]} exd4 {[%emt 0:00:54]} 13. Nxb4 {[%emt 0:00:01]} axb4 {[%emt 0:00:01]} 14. e5 {[%emt 0:00:27]} Nd5 {[%emt 0:00:27]} 15. Qxc4 {[%emt 0:02:06]} Nxe5 {[%emt 0:02:51]} 16. Re1 {[%emt 0:00:01]} Qe7 {[%emt 0:00:01]} 17. Bxd5 {[%emt 0:00:02]} cxd5 {[%emt 0:00:15]} 18. Qb5+ {[%emt 0:00:13]} Kf8 {[%emt 0:00:05]} 19. Bd2 {[%emt 0:01:42]} Nf3+ {[%emt 0:00:55]} 20. Kh1 {[%emt 0:02:38]} Qd8 {[%emt 0:00:17]} 21. Bxb4+ {[%emt 0:00:06]} Kg8 {[%emt 0:00:01]} 22. Ba5 {[%emt 0:00:39]} Qf8 {[%emt 0:01:56]} 23. Bb4 {[%emt 0:00:53]} Qd8 {[%emt 0:00:02]} 24. Re7 {[%emt 0:00:13]} h5 {[%emt 0:00:01]} 25. Rd7 {[%emt 0:00:25]} Qg5 {[%emt 0:02:44]} 26. Qxb7 {[%emt 0:00:30]} Re8 {[%emt 0:00:07]} 27. Rxf7 {[%emt 0:01:58]} Ne5 {[%emt 0:02:58]} 28. Rf4 {[%emt 0:00:31]} Ng4 {[%emt 0:01:46]} 29. h4 {[%emt 0:00:12]} Qg6 {[%emt 0:00:48]} 30. Qxd5+ {[%emt 0:00:03]} Kh7 {[%emt 0:00:01]} 31. Qxd4 {[%emt 0:00:44]} Qc6+ {[%emt 0:01:22]} 32. Kg1 {[%emt 0:00:04]} Ne5 {[%emt 0:00:02]} 33. Bc3 {[%emt 0:00:30]} Re7 {[%emt 0:00:16]} 34. Qe4+ {[%emt 0:01:29]} Qxe4 {[%emt 0:00:02]} 35. Rxe4 {[%emt 0:00:01]} Nf3+ {[%emt 0:00:04]} 36. Kg2 {[%emt 0:00:01]} Rxe4 {[%emt 0:00:09]} 37. Kxf3 {[%emt 0:00:01]} Rc4 {[%emt 0:00:13]} 38. a5 {[%emt 0:00:04]} Ra8 {[%emt 0:00:09]} 39. Rd1 {[%emt 0:00:03]} Rc7 {[%emt 0:00:09]} 40. Rd5 {[%emt 0:00:02]} g6 {[%emt 0:00:02]} 41. Ke4 {[%emt 0:00:17]} Re8+ {[%emt 0:00:03]} 42. Re5 {[%emt 0:00:01]} Rf8 {[%emt 0:00:03]} 43. f4 {[%emt 0:00:02]} Ra8 {[%emt 0:00:15]} 44. Bd4 {[%emt 0:00:16]} Rc4 {[%emt 0:00:09]} 45. Re7+ {[%emt 0:00:21]} Kg8 {[%emt 0:00:00]} 46. Kd3 {[%emt 0:00:04]} Rb4 {[%emt 0:00:02]} 47. Bc3 {[%emt 0:00:03]} Rd8+ {[%emt 0:00:03]} 48. Kc2 {[%emt 0:00:02]} Rc4 {[%emt 0:00:03]} 49. Rg7+ {[%emt 0:00:01]} Kf8 {[%emt 0:00:01]} 50. Rxg6 {[%emt 0:00:01]} Rd5 {[%emt 0:00:03]} 51. Rg5 {[%emt 0:00:02]} Rcc5 {[%emt 0:00:05]} 52. b4 {[%emt 0:00:17]} Rb5 {[%emt 0:00:02]} 53. Kb3 {[%emt 0:00:07]} Ke7 {[%emt 0:00:05]} 54. Kc4 {[%emt 0:00:04]} Rxg5 {[%emt 0:00:09]} 55. fxg5 {[%emt 0:00:02]} Rf5 {[%emt 0:00:01]} 56. a6 {[%emt 0:00:05]} Kd6 {[%emt 0:00:02]} 57. g6 {[%emt 0:00:05]} Rf3 {[%emt 0:00:05]} 58. a7 {[%emt 0:00:12]} Rf8 {[%emt 0:00:01]} 59. g7 {[%emt 0:00:04]} Rc8+ {[%emt 0:00:02]} 60. Kb5 {[%emt 0:00:04]} Kc7 {[%emt 0:00:01]} 61. Ka6 {[%emt 0:00:09]} Kd7 {[%emt 0:00:20]} 62. Be5 {[%emt 0:00:06]} 1-0

[Event "HUN-ch Rapid 2019"]
[Site "Ajka"]
[Date "2019.07.21"]
[Round "10.16"]
[White "Seres, Bela"]
[Black "Csonka, Balazs"]
[Result "1/2-1/2"]
[WhiteElo "2161"]
[BlackElo "2472"]
[Annotator "ChessBase"]
[PlyCount "94"]
[EventDate "2019.07.18"]
[EventType "swiss"]
[EventCountry "HUN"]
[SourceTitle "playchess.com"]
[Source "ChessBase"]
[SourceQuality "1"]
[TimeControl "1200+5"]

1. e4 {[%emt 0:00:01]} c5 {[%emt 0:00:02]} 2. Nf3 {[%emt 0:00:08]} e6 {[%emt 0:00:04]} 3. b3 {[%emt 0:00:17]} b6 {[%emt 0:00:13]} 4. Bb2 {[%emt 0:00:14]} Bb7 {[%emt 0:00:03]} 5. Nc3 {[%emt 0:00:01]} Nc6 {[%emt 0:00:04]} 6. d4 {[%emt 0:00:07]} cxd4 {[%emt 0:02:25]} 7. Nxd4 {[%emt 0:00:01]} Nf6 {[%emt 0:00:46]} 8. Nxc6 {[%emt 0:00:59]} Bxc6 {[%emt 0:00:02]} 9. Bd3 {[%emt 0:00:01]} Bb4 {[%emt 0:02:59]} 10. O-O {[%emt 0:01:46]} O-O {[%emt 0:00:04]} 11. Qe2 {[%emt 0:00:17]} Rc8 {[%emt 0:04:16]} 12. Nd1 {[%emt 0:01:38]} d5 {[%emt 0:01:02]} 13. e5 {[%emt 0:00:18]} Nd7 {[%emt 0:00:21]} 14. a3 {[%emt 0:02:40]} Be7 {[%emt 0:00:17]} 15. b4 {[%emt 0:00:05]} a5 {[%emt 0:00:41]} 16. Qh5 {[%emt 0:02:21]} g6 {[%emt 0:00:20]} 17. Qg4 {[%emt 0:00:51]} Qc7 {[%emt 0:02:47]} 18. Re1 {[%emt 0:00:25]} Rfe8 {[%emt 0:00:25]} 19. h4 {[%emt 0:00:40]} Bf8 {[%emt 0:00:48]} 20. h5 {[%emt 0:00:20]} Ra8 {[%emt 0:00:44]} 21. Re3 {[%emt 0:02:18]} Bg7 {[%emt 0:01:00]} 22. f4 {[%emt 0:00:50]} axb4 {[%emt 0:00:54]} 23. axb4 {[%emt 0:00:01]} Rxa1 {[%emt 0:00:02]} 24. Bxa1 {[%emt 0:00:00]} Ra8 {[%emt 0:00:07]} 25. Bd4 {[%emt 0:00:05]} Ra4 {[%emt 0:00:15]} 26. c3 {[%emt 0:00:05]} Ra2 {[%emt 0:00:21]} 27. Nf2 {[%emt 0:00:22]} Ba4 {[%emt 0:00:17]} 28. hxg6 {[%emt 0:00:34]} hxg6 {[%emt 0:00:01]} 29. Bxg6 {[%emt 0:00:16]} fxg6 {[%emt 0:00:20]} 30. Qxe6+ {[%emt 0:00:02]} Kf8 {[%emt 0:00:01]} 31. Qxg6 {[%emt 0:00:21]} Bc2 {[%emt 0:00:08]} 32. Nd3 {[%emt 0:01:21]} Bxd3 {[%emt 0:00:23]} 33. Rxd3 {[%emt 0:00:07]} Qd8 {[%emt 0:00:12]} 34. Rh3 {[%emt 0:00:40]} Qe7 {[%emt 0:00:13]} 35. Rh7 {[%emt 0:00:48]} Kg8 {[%emt 0:00:08]} 36. Rh3 {[%emt 0:01:27]} Nf8 {[%emt 0:00:06]} 37. Qxb6 {[%emt 0:00:04]} Ne6 {[%emt 0:00:05]} 38. Qb8+ {[%emt 0:00:21]} Qf8 {[%emt 0:00:08]} 39. Qxf8+ {[%emt 0:00:04]} Bxf8 {[%emt 0:00:03]} 40. f5 {[%emt 0:00:11]} Nxd4 {[%emt 0:00:01]} 41. cxd4 {[%emt 0:00:01]} Bxb4 {[%emt 0:00:02]} 42. f6 {[%emt 0:00:07]} Rd2 {[%emt 0:00:12]} 43. e6 {[%emt 0:00:05]} Rxd4 {[%emt 0:00:06]} 44. f7+ {[%emt 0:00:01]} Kg7 {[%emt 0:00:04]} 45. Rg3+ {[%emt 0:00:02]} Kf6 {[%emt 0:00:01]} 46. Rg8 {[%emt 0:00:07]} Rd1+ {[%emt 0:00:11]} 47. Kf2 {[%emt 0:00:02]} Kxe6 {[%emt 0:00:02]} 1/2-1/2